KOHA-Header-6

Information Systems An Introduction (Record no. 981)

000 -LEADER
fixed length control field 00329nam a2200121Ia 4500
008 - FIXED-LENGTH DATA ELEMENTS--GENERAL INFORMATION
fixed length control field 190722s9999 xx 000 0 und d
020 ## - INTERNATIONAL STANDARD BOOK NUMBER
International Standard Book Number 978-983-47-1056-9
100 ## - MAIN ENTRY--PERSONAL NAME
Personal name Farah Waheeda Jalaludin
245 #0 - TITLE STATEMENT
Title Information Systems An Introduction
260 ## - PUBLICATION, DISTRIBUTION, ETC. (IMPRINT)
Place of publication, distribution, etc New York
Name of publisher, distributor, etc Oxford University Press
Date of publication, distribution, etc 2014
300 ## - PHYSICAL DESCRIPTION
Extent 276
942 ## - ADDED ENTRY ELEMENTS (KOHA)
Koha item type Books
Holdings
Withdrawn status Lost status Source of classification or shelving scheme Damaged status Not for loan Collection code Permanent Location Current Location Shelving location Date acquired Full call number Barcode Date last seen Price effective from Koha item type
          Computer Science MAJU MAJU Shelf No.A32 2019-07-22 1.64 7606 2019-07-22 2019-07-22 Computer Science

Powered by Koha